Historia de las guerras de los judíos y de la destrucción del templo y ciudad de Jerusalén / (Record no. 156439)

MARC details
000 -LEADER
campo de control de longitud fija 01103nam a2200241 i 4500
001 - NÚMERO DE CONTROL
campo de control 156439
003 - IDENTIFICADOR DE NÚMERO DE CONTROL
campo de control ES-MaACL
005 - FECHA Y HORA DE LA ÚLTIMA TRANSACCIÓN
campo de control 20251114151258.0
008 - DATOS DE LONGITUD FIJA--INFORMACIÓN GENERAL
campo de control de longitud fija 931025s1891 sp |||| | spa d
100 1# - ENTRADA PRINCIPAL--NOMBRE DE PERSONA
Nombre de persona Josefo, Flavio.
9 (RLIN) 66979
245 10 - MENCIÓN DEL TÍTULO
Título Historia de las guerras de los judíos y de la destrucción del templo y ciudad de Jerusalén /
Mención de responsabilidad, etc. por Flavio Josefo ; traducida del griego por Juan Martín Cordero.
260 ## - PUBLICACIÓN, DISTRIBUCIÓN, ETC.
Lugar de publicación, distribución, etc. Madrid :
Nombre del editor, distribuidor, etc. Librería de la Viuda de Hernando y Cª,
Fecha de publicación, distribución, etc. 1891 (
Fabricante Estab. Tip. Sucesores de Rivadeneyra)
300 ## - DESCRIPCIÓN FÍSICA
Extensión 2 v. (384 ; 374 p.) ;
Dimensiones 18 cm.
490 1# - MENCIÓN DE SERIE
Mención de serie Biblioteca clásica ;
Designación de volumen o secuencia 145-146
530 ## - NOTA DISPONIBLE DE FORMULARIO FÍSICO ADICIONAL
Nota de formato físico adicional disponible Disponible en formato digital.
650 #4 - PUNTO DE ACCESO ADICIONAL DE MATERIA--TÉRMINO DE MATERIA
Término de materia o nombre geográfico como elemento de entrada Judíos-
Subdivisión general Historia-
Subdivisión cronológica Hasta 70 d.C.
9 (RLIN) 13997
700 1# - ENTRADA AGREGADA--NOMBRE PERSONAL
Nombre de persona Cordero, Juan Martín,
Fechas asociadas al nombre 1531- ca. 1600
9 (RLIN) 126576
830 1# - PUNTO DE ACCESO ADICIONAL DE SERIE-TÍTULO UNIFORME
Título uniforme Biblioteca clásica ;
Designación de volumen o secuencia 145-146
9 (RLIN) 180370
852 ## - LOCALIZACIÓN
Ubicación ES-MaACL
Número de control de estantería F-13117-18
Nota libre - Enc. tela
856 ## - LOCALIZACIÓN Y ACCESO ELECTRÓNICOS
Identificador Uniforme de Recursos <a href="http://hdl.handle.net/11169/6772 ">http://hdl.handle.net/11169/6772 </a>
Nota pública Biblioteca Digital Floridablanca
-- (V. 1)
856 ## - LOCALIZACIÓN Y ACCESO ELECTRÓNICOS
Identificador Uniforme de Recursos <a href="http://hdl.handle.net/11169/6773 ">http://hdl.handle.net/11169/6773 </a>
Nota pública Biblioteca Digital Floridablanca
-- (V. 2)
Holdings
Estatus retirado Estado de pérdida Estado de daño No para préstamo Colección Biblioteca de origen Biblioteca actual Ubicación en estantería Fecha de adquisición Total de préstamos Signatura topográfica completa Código de barras Visto por última vez Precio de reemplazo Tipo de ítem Koha
        Colección digital Biblioteca del Ateneo de Madrid Biblioteca del Ateneo de Madrid Sala Pecera Planta 2 17/01/2008   F-13117-18 1163669 23/02/2023 23/02/2023 Libro impreso antiguo